[Event "Niederbayrische Meisterschaft"]
[Site "?"]
[Date "2015.06.19"]
[Round "3.6"]
[White "Lichtmannecker, Hans-Jürgen"]
[Black "Schoenbuchner, Gerhard"]
[Result "1/2-1/2"]
[WhiteElo "1737"]
[BlackElo "1793"]
[PlyCount "148"]
[EventDate "2015.06.26"]
[SourceDate "2015.09.06"]
[WhiteTeam "SV Aham"]
[BlackTeam "TSV Aidenbach"]
[WhiteTeamCountry "GER"]
[BlackTeamCountry "GER"]

1. d4 e5 2. dxe5 Nc6 3. e4 Nxe5 4. f4 Nc6 5. Nf3 Bc5 6. Nc3 d6 7. Qe2 Nge7 8.
Be3 Bxe3 9. Qxe3 O-O 10. O-O-O a6 11. Bd3 Nb4 12. Be2 a5 13. a3 Na6 14. Rd2 Qe8
15. Qf2 Nc5 16. e5 Ne6 17. exd6 cxd6 18. Rxd6 Nxf4 19. Bb5 Nc6 20. Re1 Be6 21.
Ng5 Ng6 22. Qb6 Qe7 23. Nce4 Nf4 24. Qf2 Ng6 25. Qg3 Rad8 26. Red1 Bf5 27. Rxd8
Rxd8 28. Rxd8+ Nxd8 29. Nc3 h6 30. Nf3 Qe3+ 31. Kb1 Qe7 32. Bc4 Kh7 33. Nd5 Qe4
34. Bb3 Ne6 35. Nc3 Qe3 36. h4 Qf4 37. Qxf4 Ngxf4 38. g3 Nh5 39. Ne5 Nxg3 40.
Nxf7 Nd4 41. Ba4 Nf3 42. Nd6 b6 43. Nxf5 Nxf5 44. Nd5 N5xh4 45. Nxb6 Nd2+ 46.
Kc1 Nhf3 47. c4 Ne4 48. Bc6 Nfg5 49. b4 h5 50. bxa5 h4 51. Bd7 Nc5 52. Bc8 h3
53. Bxh3 Nxh3 54. Kd1 Nf4 55. Nc8 Nfe6 56. Nd6 g6 57. Ke2 Kg7 58. Kf3 Nd4+ 59.
Kf4 Nc6 60. Kg5 Ne6+ 61. Kg4 Nxa5 62. Nf5+ Kf6 63. Nd6 Nc5 64. Kf4 Nd3+ 65. Ke3
Ne5 66. Ne4+ Ke6 67. c5 Nac4+ 68. Kf4 Nxa3 69. Kg5 Kd5 70. Nf6+ Kc6 71. Nh7 Nb5
72. Nf8 Nc7 73. Nxg6 Ne6+ 74. Kf6 Nxc5 1/2-1/2

[Event "Niederbayrische Meisterschaft"]
[Site "?"]
[Date "2015.06.19"]
[Round "3.7"]
[White "Woitylak, Steffen"]
[Black "Zinner, Bernhard"]
[Result "1-0"]
[WhiteElo "2083"]
[BlackElo "1708"]
[PlyCount "81"]
[EventDate "2015.06.26"]
[SourceDate "2015.09.06"]
[WhiteTeam "TV 1862 Geiselhöring"]
[BlackTeam "TV 1862 Geiselhöring"]
[WhiteTeamCountry "GER"]
[BlackTeamCountry "GER"]

1. Nf3 d5 2. b3 c5 3. Bb2 Nf6 4. e3 Nc6 5. Be2 e6 6. O-O Bd6 7. d4 O-O 8. c4
dxc4 9. bxc4 b6 10. Nc3 a6 11. Qc2 Nb4 12. Qb3 Bb7 13. a3 Nc6 14. Rad1 Na5 15.
Qa2 cxd4 16. exd4 Qc7 17. d5 e5 18. Nd2 e4 19. h3 Rae8 20. f3 e3 21. Nde4 Bh2+
22. Kh1 Nxe4 23. Nxe4 Qf4 24. Rd4 h5 25. c5 Qb8 26. cxb6 Bc8 27. d6 Be6 28. Qb1
Be5 29. Ra4 Nc6 30. Rxa6 Bxd6 31. Qd3 Bf4 32. Qb5 Bd7 33. Qxh5 Re6 34. Qd5 Rd8
35. Bc4 Bc8 36. Qf5 Ne7 37. Qh5 Bxa6 38. Bxe6 fxe6 39. Nf6+ gxf6 40. Bxf6 Bxf1
41. Qh8+ 1-0

[Event "Niederbayrische Meisterschaft"]
[Site "?"]
[Date "2015.06.19"]
[Round "3.8"]
[White "Bergmann, Reiner"]
[Black "Schreiber, Egwin"]
[Result "1-0"]
[WhiteElo "1841"]
[BlackElo "1521"]
[PlyCount "53"]
[EventDate "2015.06.26"]
[SourceDate "2015.09.06"]
[WhiteTeam "SC Bayerwald Regen/Zwiesel"]
[BlackTeam "SV Deggendorf"]
[WhiteTeamCountry "GER"]
[BlackTeamCountry "GER"]

1. e4 e5 2. Nf3 Nc6 3. Bc4 Nd4 4. Nxe5 Qg5 5. Bxf7+ Ke7 6. O-O Qxe5 7. Bc4 Nf6
8. c3 Nc6 9. d4 Qh5 10. e5 Qxd1 11. exf6+ gxf6 12. Rxd1 Bg7 13. Na3 a6 14. Nc2
b5 15. Re1+ Kd8 16. Bd3 Ne7 17. Be4 c6 18. Bf4 Ng6 19. Bg3 d5 20. Bd3 Ra7 21.
Nb4 Bd7 22. a4 a5 23. axb5 Re8 24. Rxe8+ Bxe8 25. bxc6 Re7 26. c7+ Kc8 27. Nxd5
1-0

[Event "Niederbayrische Meisterschaft"]
[Site "?"]
[Date "2015.06.19"]
[Round "3.9"]
[White "Mittermaier, Johann"]
[Black "Seidl, Josef"]
[Result "1-0"]
[WhiteElo "1666"]
[BlackElo "1177"]
[PlyCount "41"]
[EventDate "2015.06.26"]
[SourceDate "2015.09.06"]
[WhiteTeam "SV Deggendorf"]
[BlackTeam "TSV Kreuzberg"]
[WhiteTeamCountry "GER"]
[BlackTeamCountry "GER"]

1. e4 c5 2. c3 Nc6 3. d4 e6 4. Nf3 Be7 5. d5 exd5 6. exd5 Nb8 7. d6 Bf6 8. Bc4
Nc6 9. Qd5 Nh6 10. Bxh6 O-O 11. Be3 b6 12. O-O Bb7 13. Qh5 Na5 14. Bd3 g6 15.
Qh3 Bg7 16. Nbd2 f5 17. Bg5 Qc8 18. Be7 c4 19. Be2 Rf7 20. Ng5 b5 21. Qxh7# 1-0

[Event "Niederbayrische Meisterschaft"]
[Site "?"]
[Date "2015.06.19"]
[Round "4.1"]
[White "Bielmeier, Ludwig"]
[Black "Zepke, Armin"]
[Result "1/2-1/2"]
[WhiteElo "2151"]
[BlackElo "2109"]
[PlyCount "62"]
[EventDate "2015.06.26"]
[SourceDate "2015.09.06"]
[WhiteTeam "SV Deggendorf"]
[BlackTeam "SC Bayerwald Regen/Zwiesel"]
[WhiteTeamCountry "GER"]
[BlackTeamCountry "GER"]

1. g3 d5 2. Bg2 c6 3. Nf3 Bf5 4. O-O e6 5. b3 Nf6 6. Bb2 Be7 7. c4 h6 8. d3 O-O
9. Nbd2 Bh7 10. Rc1 Nbd7 11. Rc2 a5 12. a3 Ne8 13. Qa1 Bf6 14. Ne5 Bxe5 15.
Bxe5 Nxe5 16. Qxe5 Qf6 17. Qxf6 Nxf6 18. Bh3 Rfe8 19. Rfc1 d4 20. Rb2 Bf5 21.
Bg2 e5 22. Nf3 g5 23. Nd2 e4 24. dxe4 Nxe4 25. Nxe4 Bxe4 26. Bxe4 Rxe4 27. c5
Kg7 28. Rc4 Re5 29. Rd2 Rd8 30. h3 Red5 31. Rd3 f5 1/2-1/2

[Event "Niederbayrische Meisterschaft"]
[Site "?"]
[Date "2015.06.19"]
[Round "4.2"]
[White "Golder, Waldemar"]
[Black "Palmi, Herbert"]
[Result "1/2-1/2"]
[WhiteElo "1897"]
[BlackElo "2082"]
[PlyCount "47"]
[EventDate "2015.06.26"]
[SourceDate "2015.09.06"]
[WhiteTeam "SC Ergolding 1932"]
[BlackTeam "SC Bayerwald Regen/Zwiesel"]
[WhiteTeamCountry "GER"]
[BlackTeamCountry "GER"]

1. c4 e5 2. Nc3 d6 3. g3 c6 4. d4 Be7 5. Nf3 Qc7 6. Bg2 Nf6 7. e4 O-O 8. O-O
Re8 9. h3 Nbd7 10. Be3 Nf8 11. Nh4 exd4 12. Qxd4 Ne6 13. Qd2 g6 14. f4 Nh5 15.
Qf2 Bxh4 16. gxh4 Neg7 17. c5 dxc5 18. Bxc5 b6 19. Be3 f5 20. e5 Bb7 21. Rac1
Qe7 22. a3 Red8 23. Rfd1 Ne6 24. b4 1/2-1/2

[Event "Niederbayrische Meisterschaft"]
[Site "?"]
[Date "2015.06.19"]
[Round "4.3"]
[White "Haselbeck, Franz"]
[Black "Stadler, Alexander"]
[Result "0-1"]
[WhiteElo "1920"]
[BlackElo "2060"]
[PlyCount "80"]
[EventDate "2015.06.26"]
[SourceDate "2015.09.06"]
[WhiteTeam "SV Deggendorf"]
[BlackTeam "SV Röhrnbach"]
[WhiteTeamCountry "GER"]
[BlackTeamCountry "GER"]

1. Nf3 d6 2. g3 g6 3. Bg2 Bg7 4. d3 e5 5. e4 Ne7 6. c3 O-O 7. O-O c5 8. a4 Nbc6
9. Be3 Qb6 10. b4 a5 11. b5 Nd8 12. Na3 Qc7 13. Nc4 b6 14. Nh4 Bb7 15. f4 f6
16. Qb3 Nf7 17. fxe5 fxe5 18. Nd2 Rad8 19. Rf3 d5 20. Raf1 c4 21. dxc4 dxe4 22.
R3f2 Rd3 23. Re2 Rxe3 24. Rxe3 Qc5 25. Rfe1 Bh6 26. Nf1 Bxe3+ 27. Nxe3 g5 28.
Qd1 gxh4 29. Qg4+ Ng6 30. gxh4 Nh6 31. Qg5 Nf7 32. Qg4 Kh8 33. Kh1 Nf4 34. Qf5
Nd8 35. Qg5 Nde6 36. Qh6 Nxg2 37. Kxg2 Nf4+ 38. Kh1 Nh3 39. Kg2 Rg8+ 40. Kf1
Rg6 0-1

[Event "Niederbayrische Meisterschaft"]
[Site "?"]
[Date "2015.06.19"]
[Round "4.4"]
[White "Bangert, Rüdiger"]
[Black "Lichtmannecker, Hans-Jürgen"]
[Result "0-1"]
[WhiteElo "1614"]
[BlackElo "1737"]
[PlyCount "90"]
[EventDate "2015.06.26"]
[SourceDate "2015.09.06"]
[WhiteTeam "SC Bayerwald Regen/Zwiesel"]
[BlackTeam "SV Aham"]
[WhiteTeamCountry "GER"]
[BlackTeamCountry "GER"]

1. d4 d6 2. e4 e5 3. dxe5 dxe5 4. Qxd8+ Kxd8 5. Nf3 f6 6. Be2 Be6 7. Nbd2 Bc5
8. O-O c6 9. Rd1 Kc7 10. a3 Nd7 11. b4 Be7 12. Bb2 Rd8 13. c4 Kb8 14. h3 Nh6
15. Bc3 g5 16. g4 Nf7 17. Kg2 h5 18. Kg3 h4+ 19. Kg2 Nf8 20. Nb3 Ng6 21. Rxd8+
Rxd8 22. Bd2 Nd6 23. Nc5 Bxc4 24. Bxc4 Nxc4 25. Be3 Bxc5 26. bxc5 Rd3 27. Bc1
Nf4+ 28. Bxf4 exf4 29. a4 Ne5 30. Nxe5 fxe5 31. f3 Kc7 32. Rc1 Rd2+ 33. Kg1 Ra2
34. Rc4 b5 35. cxb6+ axb6 36. Kh1 c5 37. Kg1 Kc6 38. Kh1 b5 39. axb5+ Kxb5 40.
Rc1 Ra3 41. Kg2 c4 42. Rd1 c3 43. Rd5+ Kc4 44. Rxe5 Ra2+ 45. Kg1 c2 0-1

[Event "Niederbayrische Meisterschaft"]
[Site "?"]
[Date "2015.06.19"]
[Round "4.5"]
[White "Gschwendtner, Stanislav"]
[Black "Woitylak, Steffen"]
[Result "0-1"]
[WhiteElo "2019"]
[BlackElo "2083"]
[PlyCount "90"]
[EventDate "2015.06.26"]
[SourceDate "2015.09.06"]
[WhiteTeam "SC Bayerwald Regen/Zwiesel"]
[BlackTeam "TV 1862 Geiselhöring"]
[WhiteTeamCountry "GER"]
[BlackTeamCountry "GER"]

1. c4 c5 2. Nf3 Nc6 3. Nc3 g6 4. g3 Bg7 5. Bg2 Nf6 6. O-O O-O 7. d4 cxd4 8.
Nxd4 Ng4 9. e3 Nf6 10. h3 a6 11. b3 Rb8 12. a4 Qb6 13. Rb1 d6 14. Nde2 Nb4 15.
e4 Nh5 16. Be3 Qd8 17. g4 Nf6 18. Ba7 Ra8 19. Bd4 Nc6 20. Be3 Qa5 21. Nd5 Nxd5
22. exd5 Nd8 23. Bd4 f5 24. Bxg7 Kxg7 25. Qd4+ Kg8 26. Ng3 f4 27. Ne4 Nf7 28.
f3 Rb8 29. c5 dxc5 30. Nxc5 Rd8 31. b4 Qc7 32. Rfd1 b6 33. Ne4 Bb7 34. Rbc1 Qe5
35. Qxb6 Bxd5 36. Qxa6 Bxe4 37. fxe4 Rxd1+ 38. Rxd1 Rxb4 39. Qa8+ Kg7 40. Qa7
Rc4 41. Rd5 Qa1+ 42. Kh2 Rxa4 43. Qxe7 Qc3 44. Rd1 Qg3+ 45. Kh1 Ra2 0-1

[Event "Niederbayrische Meisterschaft"]
[Site "?"]
[Date "2015.06.19"]
[Round "4.6"]
[White "Schoenbuchner, Gerhard"]
[Black "Beutel, Hubert"]
[Result "1-0"]
[WhiteElo "1793"]
[BlackElo "2041"]
[PlyCount "87"]
[EventDate "2015.06.26"]
[SourceDate "2015.09.06"]
[WhiteTeam "TSV Aidenbach"]
[BlackTeam "SK Passau 1869"]
[WhiteTeamCountry "GER"]
[BlackTeamCountry "GER"]

1. e4 d5 2. exd5 Qxd5 3. Nc3 Qa5 4. d4 c6 5. Bd2 Nf6 6. Ne4 Qc7 7. Nxf6+ gxf6
8. Bc4 Bf5 9. Nf3 e6 10. Be3 Nd7 11. Qd2 O-O-O 12. O-O-O Nb6 13. Bd3 Bxd3 14.
Qxd3 Nd5 15. Bd2 h5 16. h4 Bh6 17. Bxh6 Rxh6 18. g3 Rg6 19. Qe2 Kb8 20. Kb1
Rgg8 21. Nd2 Qb6 22. Nb3 a5 23. Ka1 a4 24. Nc5 a3 25. Rb1 Qa5 26. Qc4 b5 27.
bxa3 Kc7 28. Qb3 Nb6 29. Qb4 Ra8 30. Rb3 Rgd8 31. Ne4 f5 32. Nf6 Qxb4 33. axb4
Rxd4 34. Nxh5 Rd2 35. Kb1 Rad8 36. Kc1 Nc4 37. Nf4 Rxf2 38. Rd3 Rxd3 39. cxd3
Na3 40. h5 e5 41. h6 exf4 42. gxf4 Rxa2 43. Rh5 Ra1+ 44. Kb2 1-0

[Event "Niederbayrische Meisterschaft"]
[Site "?"]
[Date "2015.06.19"]
[Round "4.8"]
[White "Zinner, Bernhard"]
[Black "Huber, Florian"]
[Result "0-1"]
[WhiteElo "1708"]
[BlackElo "1754"]
[PlyCount "50"]
[EventDate "2015.06.26"]
[SourceDate "2015.09.06"]
[WhiteTeam "TV 1862 Geiselhöring"]
[BlackTeam "SK Landau/Dingolfing"]
[WhiteTeamCountry "GER"]
[BlackTeamCountry "GER"]

1. d4 f5 2. c4 Nf6 3. Nf3 g6 4. Nc3 Bg7 5. g3 O-O 6. Bg2 d6 7. O-O Qe8 8. b3 a5
9. Re1 e5 10. dxe5 dxe5 11. e4 f4 12. gxf4 exf4 13. Bxf4 Nh5 14. Bd2 Nc6 15.
Nb5 Qf7 16. Bc3 Bxc3 17. Nxc3 Bg4 18. Re3 Ne5 19. Nb5 Bxf3 20. Qd5 Bxg2 21.
Nxc7 Rad8 22. Qe6 Rd2 23. f4 Nxf4 24. Qb6 Nh3+ 25. Rxh3 Qf1+ 0-1

[Event "Niederbayrische Meisterschaft"]
[Site "?"]
[Date "2015.06.19"]
[Round "4.9"]
[White "Schreiber, Egwin"]
[Black "Seidl, Josef"]
[Result "1/2-1/2"]
[WhiteElo "1521"]
[BlackElo "1177"]
[PlyCount "96"]
[EventDate "2015.06.26"]
[SourceDate "2015.09.06"]
[WhiteTeam "SV Deggendorf"]
[BlackTeam "TSV Kreuzberg"]
[WhiteTeamCountry "GER"]
[BlackTeamCountry "GER"]

1. e4 c5 2. Nf3 d6 3. Bb5+ Bd7 4. Be2 Nf6 5. Nc3 g6 6. O-O Bg7 7. d4 cxd4 8.
Nxd4 O-O 9. Be3 a6 10. Qd2 Nc6 11. f4 Ng4 12. Nxc6 bxc6 13. Bd4 e5 14. fxe5
Bxe5 15. Bxg4 Bxg4 16. Bxe5 dxe5 17. Qf2 Qd4 18. Kh1 Qxf2 19. Rxf2 Rfd8 20. h3
Be6 21. a3 Rab8 22. Na4 a5 23. c3 Rb5 24. b4 axb4 25. cxb4 Bb3 26. Nc5 Rd1+ 27.
Rf1 Rxf1+ 28. Rxf1 Bc4 29. Rd1 Rb8 30. Nd7 Ra8 31. Nxe5 Bb3 32. Ra1 Bc2 33.
Nxc6 Bxe4 34. Nd4 Rd8 35. Nf3 h5 36. b5 Rb8 37. a4 Rb6 38. Nd4 Rd6 39. Nf3 Rb6
40. Nd2 Bd5 41. Rc1 Re6 42. Ra1 f5 43. Nf3 Rb6 44. Nd4 Rd6 45. Nf3 Rb6 46. Kg1
Kg7 47. Nd4 Rd6 48. Nf3 Rb6 1/2-1/2

[Event "Niederbayrische Meisterschaft"]
[Site "?"]
[Date "2015.06.20"]
[Round "5.1"]
[White "Stadler, Alexander"]
[Black "Bielmeier, Ludwig"]
[Result "1-0"]
[WhiteElo "2060"]
[BlackElo "2151"]
[PlyCount "101"]
[EventDate "2015.06.26"]
[SourceDate "2015.09.06"]
[WhiteTeam "SV Röhrnbach"]
[BlackTeam "SV Deggendorf"]
[WhiteTeamCountry "GER"]
[BlackTeamCountry "GER"]

1. e4 c6 2. d4 d5 3. Nd2 dxe4 4. Nxe4 Nf6 5. Nxf6+ gxf6 6. Nf3 Bf5 7. Bd3 Bg6
8. Bf4 e6 9. O-O Bd6 10. Bg3 Bxg3 11. hxg3 Nd7 12. a4 a5 13. Re1 Nb6 14. Qd2
Qc7 15. c3 Bxd3 16. Qxd3 Nd5 17. Qe4 Ne7 18. Qh4 Ng8 19. Nd2 h5 20. Ne4 Rh6 21.
c4 O-O-O 22. c5 Kb8 23. Nd6 Ka8 24. b4 Ne7 25. Qf4 Rg6 26. bxa5 Nc8 27. Nxc8
Rxc8 28. Qxc7 Rxc7 29. Rab1 Rg4 30. Rb4 Ka7 31. Reb1 Rd7 32. Rb6 Rgxd4 33. a6
bxa6 34. Rxc6 Rxa4 35. Rc8 Rc4 36. c6 Re7 37. Rd1 Kb6 38. Rd7 Rc1+ 39. Kh2 Rxd7
40. cxd7 Rd1 41. d8=Q+ Rxd8 42. Rxd8 a5 43. Ra8 Kb5 44. Kg1 a4 45. Kf1 Kb4 46.
Ke2 Kb3 47. Kd3 a3 48. Rb8+ Ka2 49. Kc2 Ka1 50. Rb1+ Ka2 51. Rb4 1-0

[Event "Niederbayrische Meisterschaft"]
[Site "?"]
[Date "2015.06.20"]
[Round "5.3"]
[White "Woitylak, Steffen"]
[Black "Schoenbuchner, Gerhard"]
[Result "1-0"]
[WhiteElo "2083"]
[BlackElo "1793"]
[PlyCount "53"]
[EventDate "2015.06.26"]
[SourceDate "2015.09.06"]
[WhiteTeam "SC Ergolding 1932"]
[BlackTeam "TSV Aidenbach"]
[WhiteTeamCountry "GER"]
[BlackTeamCountry "GER"]

1. Nf3 Nc6 2. b3 e5 3. e3 d5 4. Bb2 f6 5. Be2 Be6 6. d4 e4 7. Nfd2 Bd6 8. c4
Qd7 9. Nc3 Nb4 10. cxd5 Nxd5 11. Ncxe4 Nge7 12. Nxd6+ Qxd6 13. O-O O-O 14. Ne4
Qd7 15. Nc5 Qc8 16. Nxe6 Qxe6 17. Bc4 Qe4 18. Ba3 Rfe8 19. Rc1 c6 20. Re1 Kh8
21. Bd3 Qh4 22. g3 Qg5 23. Rc5 Qh6 24. e4 Nc7 25. Rh5 Qg6 26. e5 f5 27. Bxe7
1-0

[Event "Niederbayrische Meisterschaft"]
[Site "?"]
[Date "2015.06.20"]
[Round "5.4"]
[White "Palmi, Herbert"]
[Black "Lichtmannecker, Hans-Jürgen"]
[Result "1/2-1/2"]
[WhiteElo "2082"]
[BlackElo "1737"]
[PlyCount "99"]
[EventDate "2015.06.26"]
[SourceDate "2015.09.06"]
[WhiteTeam "SC Bayerwald Regen/Zwiesel"]
[BlackTeam "SV Aham"]
[WhiteTeamCountry "GER"]
[BlackTeamCountry "GER"]

1. Nf3 d6 2. d4 f5 3. c4 g6 4. Nc3 Nf6 5. e3 c6 6. Bd3 Bg7 7. O-O O-O 8. b4 Qe8
9. Bc2 e5 10. dxe5 dxe5 11. e4 f4 12. a4 Bg4 13. Ba3 Rf7 14. Bb3 Rd7 15. Qc2
Bxf3 16. gxf3 g5 17. Qe2 Na6 18. b5 Nc7 19. c5+ Kh8 20. bxc6 bxc6 21. a5 Ne6
22. Bxe6 Qxe6 23. Rfd1 Rad8 24. Rxd7 Rxd7 25. Rb1 h5 26. a6 Qh3 27. Rd1 Rxd1+
28. Nxd1 g4 29. fxg4 Qxa3 30. gxh5 f3 31. Qd2 Nxe4 32. Qd7 Qxc5 33. Qe8+ Qf8
34. Qxc6 Qd8 35. Ne3 Qg5+ 36. Kf1 Nd2+ 37. Ke1 Qg1+ 38. Kxd2 Qxf2+ 39. Kd3 Qe2+
40. Ke4 Qxh2 41. Qe8+ Kh7 42. Qg6+ Kh8 43. Kxf3 Qf4+ 44. Ke2 Bh6 45. Nf5 Qd2+
46. Kf3 Qf4+ 47. Kg2 Qe4+ 48. Kf2 Qf4+ 49. Kg2 Qe4+ 50. Kf2 1/2-1/2

[Event "Niederbayrische Meisterschaft"]
[Site "?"]
[Date "2015.06.20"]
[Round "5.5"]
[White "Huber, Florian"]
[Black "Bangert, Rüdiger"]
[Result "1-0"]
[WhiteElo "1754"]
[BlackElo "1614"]
[PlyCount "59"]
[EventDate "2015.06.26"]
[SourceDate "2015.09.06"]
[WhiteTeam "SK Landau/Dingolfing"]
[BlackTeam "SC Bayerwald Regen/Zwiesel"]
[WhiteTeamCountry "GER"]
[BlackTeamCountry "GER"]

1. d4 Nf6 2. Nf3 g6 3. e3 Bg7 4. Bd3 c6 5. c4 b5 6. cxb5 cxb5 7. Bxb5 Qa5+ 8.
Nc3 Nd5 9. Qb3 Nxc3 10. bxc3 a6 11. Be2 Nc6 12. Bd2 Rb8 13. Qc2 Qa3 14. Bc1 Qa5
15. O-O O-O 16. Bd2 Qc7 17. Rab1 Bb7 18. c4 e6 19. Rb3 d5 20. cxd5 exd5 21. Rc1
Qe7 22. Qb2 f5 23. Rxc6 f4 24. Rcb6 Rf7 25. Bxa6 fxe3 26. Bxe3 Bxd4 27. Qxd4
Rf5 28. Rxb7 Rxb7 29. Rxb7 Qf8 30. Qa7 1-0

[Event "Niederbayrische Meisterschaft"]
[Site "?"]
[Date "2015.06.20"]
[Round "5.6"]
[White "Haselbeck, Franz"]
[Black "Mittermaier, Johann"]
[Result "1-0"]
[WhiteElo "1920"]
[BlackElo "1666"]
[PlyCount "83"]
[EventDate "2015.06.26"]
[SourceDate "2015.09.06"]
[WhiteTeam "SV Deggendorf"]
[BlackTeam "SV Deggendorf"]
[WhiteTeamCountry "GER"]
[BlackTeamCountry "GER"]

1. Nf3 d5 2. g3 Nf6 3. Bg2 c6 4. O-O h6 5. d3 Bf5 6. Nbd2 e6 7. Qe1 Be7 8. e4
Bh7 9. Qe2 O-O 10. b3 dxe4 11. dxe4 Na6 12. Bb2 Nc5 13. Ne5 Qb6 14. a4 Rad8 15.
Nec4 Qc7 16. Be5 Qc8 17. a5 Nfd7 18. Bb2 Nf6 19. Rad1 Na6 20. c3 Qc7 21. b4 Rd7
22. Nb1 Rfd8 23. f3 Ne8 24. Bc1 Bf6 25. Bf4 Qc8 26. Be3 Qb8 27. Bf4 Qc8 28. Be3
Qa8 29. Rxd7 Rxd7 30. Rd1 Rxd1+ 31. Qxd1 Nac7 32. e5 Be7 33. f4 Nd5 34. Bd4
Nec7 35. Nba3 Qb8 36. Nd6 Bxd6 37. exd6 Ne8 38. Bxd5 cxd5 39. d7 Nc7 40. Qg4
Bg6 41. Qh4 f6 42. Bxf6 1-0

[Event "Niederbayrische Meisterschaft"]
[Site "?"]
[Date "2015.06.20"]
[Round "5.7"]
[White "Bergmann, Reiner"]
[Black "Gschwendtner, Stanislav"]
[Result "1/2-1/2"]
[WhiteElo "1841"]
[BlackElo "2019"]
[PlyCount "37"]
[EventDate "2015.06.26"]
[SourceDate "2015.09.06"]
[WhiteTeam "SC Bayerwald Regen/Zwiesel"]
[BlackTeam "SC Bayerwald Regen/Zwiesel"]
[WhiteTeamCountry "GER"]
[BlackTeamCountry "GER"]

1. e4 c5 2. Nf3 d6 3. d4 cxd4 4. Nxd4 Nf6 5. Nc3 a6 6. Bg5 Nbd7 7. Bd3 h6 8.
Bh4 g5 9. Bg3 Qb6 10. Nb3 Ne5 11. Bxe5 dxe5 12. Qd2 Be6 13. O-O-O O-O-O 14. f3
Bxb3 15. axb3 e6 16. Na4 Qb4 17. Qe3 Qd4 18. Qe2 Qa7 19. Qd2 1/2-1/2

[Event "Niederbayrische Meisterschaft"]
[Site "?"]
[Date "2015.06.20"]
[Round "5.8"]
[White "Beutel, Hubert"]
[Black "Schreiber, Egwin"]
[Result "1-0"]
[WhiteElo "2041"]
[BlackElo "1521"]
[PlyCount "59"]
[EventDate "2015.06.26"]
[SourceDate "2015.09.06"]
[WhiteTeam "SK Passau 1869"]
[BlackTeam "SV Deggendorf"]
[WhiteTeamCountry "GER"]
[BlackTeamCountry "GER"]

1. e4 e5 2. Nf3 Nc6 3. d4 exd4 4. Nxd4 Nxd4 5. Qxd4 d6 6. Bc4 Be6 7. O-O Bxc4
8. Qxc4 Nf6 9. Nc3 Qd7 10. a4 Be7 11. Be3 a6 12. Rad1 O-O 13. e5 Ng4 14. Bf4
Rac8 15. h3 Nh6 16. Bxh6 gxh6 17. f4 Qf5 18. Nd5 Bh4 19. Ne3 Qg6 20. f5 Qg3 21.
Rf3 Qg5 22. Rd4 Qe7 23. Rxh4 Qxe5 24. Qd4 f6 25. Qxe5 dxe5 26. Rxh6 c5 27. Nd5
Rc6 28. Rg3+ Kh8 29. c4 Rd6 30. a5 1-0

[Event "Niederbayrische Meisterschaft"]
[Site "?"]
[Date "2015.06.20"]
[Round "5.9"]
[White "Seidl, Josef"]
[Black "Zinner, Bernhard"]
[Result "0-1"]
[WhiteElo "1177"]
[BlackElo "1708"]
[PlyCount "106"]
[EventDate "2015.06.26"]
[SourceDate "2015.09.06"]
[WhiteTeam "TSV Kreuzberg"]
[BlackTeam "TV 1862 Geiselhöring"]
[WhiteTeamCountry "GER"]
[BlackTeamCountry "GER"]

1. Nf3 d5 2. d3 Nf6 3. Nbd2 b6 4. g3 Bb7 5. Bg2 c5 6. c4 d4 7. O-O g6 8. Nb3
Bg7 9. Bf4 Nbd7 10. Qc2 Nh5 11. Bd2 O-O 12. e3 e5 13. exd4 exd4 14. Rfe1 Qc7
15. Re2 f5 16. Rae1 Bf6 17. Bh6 Ng7 18. Bf4 Qc6 19. Bh6 Rf7 20. Bxg7 Kxg7 21.
Re6 Qc7 22. Qe2 Rd8 23. Nbd2 Nf8 24. Re8 Rxe8 25. Qxe8 Bc6 26. Qe2 Re7 27. Qd1
Qb7 28. Rxe7+ Bxe7 29. h4 h6 30. Qe2 Bf6 31. Bh3 Qc7 32. a3 a5 33. b3 a4 34.
bxa4 Bxa4 35. Bg2 f4 36. g4 Qe7 37. Ne4 g5 38. h5 b5 39. Nfd2 Nd7 40. Qf1 Be5
41. f3 Bc7 42. Qb1 Ba5 43. Qb2 Ne5 44. Qb1 Bxd2 45. Nxd2 b4 46. axb4 cxb4 47.
Ne4 b3 48. c5 Qb7 49. Qb2 Qb4 50. Nd6 Nxd3 51. Nf5+ Kh7 52. Qxd4 Qxd4+ 53. Nxd4
b2 0-1

[Event "Niederbayrische Meisterschaft"]
[Site "?"]
[Date "2015.06.20"]
[Round "6.1"]
[White "Stadler, Alexander"]
[Black "Zepke, Armin"]
[Result "1/2-1/2"]
[WhiteElo "2060"]
[BlackElo "2109"]
[PlyCount "55"]
[EventDate "2015.06.26"]
[SourceDate "2015.09.06"]
[WhiteTeam "SV Röhrnbach"]
[BlackTeam "SC Bayerwald Regen/Zwiesel"]
[WhiteTeamCountry "GER"]
[BlackTeamCountry "GER"]

1. d4 d5 2. Nf3 Nf6 3. c4 c6 4. e3 Bf5 5. Nc3 e6 6. Nh4 Bg6 7. Qb3 Qb6 8. Nxg6
hxg6 9. Qxb6 axb6 10. Bd2 Nbd7 11. cxd5 exd5 12. Be2 b5 13. O-O Bd6 14. g3 b4
15. Nd1 Ne4 16. Be1 f5 17. f3 Nef6 18. Nf2 b6 19. Nd3 c5 20. f4 Ne4 21. Ne5
Bxe5 22. fxe5 Ke7 23. Bb5 Nb8 24. a4 Rc8 25. Rc1 Nc6 26. Rf4 Ke6 27. g4 Ra7 28.
h4 1/2-1/2

[Event "Niederbayrische Meisterschaft"]
[Site "?"]
[Date "2015.06.20"]
[Round "6.2"]
[White "Golder, Waldemar"]
[Black "Woitylak, Steffen"]
[Result "1-0"]
[WhiteElo "1897"]
[BlackElo "2083"]
[PlyCount "83"]
[EventDate "2015.06.26"]
[SourceDate "2015.09.06"]
[WhiteTeam "SC Ergolding 1932"]
[BlackTeam "TV 1862 Geiselhöring"]
[WhiteTeamCountry "GER"]
[BlackTeamCountry "GER"]

1. e4 e5 2. Nf3 Nc6 3. Bb5 Nd4 4. Bc4 Qf6 5. Nxd4 exd4 6. d3 Bc5 7. Qh5 d6 8.
O-O Qg6 9. Qxg6 hxg6 10. Nd2 Nh6 11. Nf3 c6 12. a3 Bg4 13. Ng5 Rd8 14. h3 Bc8
15. Bd2 Ke7 16. f4 f6 17. Nf3 Bb6 18. Nh4 Rhe8 19. Nxg6+ Kd7 20. g4 d5 21. exd5
Kd6 22. f5 Re3 23. Nf4 cxd5 24. Bxd5 Re5 25. Be6 Bxe6 26. Nxe6 Rc8 27. Bf4 Rxc2
28. Rf2 Rc8 29. Re1 Nf7 30. Nxg7 Kd5 31. Bxe5 Nxe5 32. Rd1 Rh8 33. Nh5 Rf8 34.
Nf4+ Kd6 35. Ng6 Re8 36. Nxe5 Rxe5 37. Rdd2 Kd7 38. Rfe2 Rc5 39. Rc2 Rb5 40. b4
a5 41. Rc4 Rd5 42. Re6 1-0

[Event "Niederbayrische Meisterschaft"]
[Site "?"]
[Date "2015.06.20"]
[Round "6.3"]
[White "Bielmeier, Ludwig"]
[Black "Huber, Florian"]
[Result "1-0"]
[WhiteElo "2151"]
[BlackElo "1754"]
[PlyCount "31"]
[EventDate "2015.06.26"]
[SourceDate "2015.09.06"]
[WhiteTeam "SV Deggendorf"]
[BlackTeam "SK Landau/Dingolfing"]
[WhiteTeamCountry "GER"]
[BlackTeamCountry "GER"]

1. g3 Nf6 2. Bg2 c5 3. c4 Nc6 4. Nc3 e6 5. Nf3 Be7 6. O-O O-O 7. d4 cxd4 8.
Nxd4 Bc5 9. Nb3 Qe7 10. Bg5 Bb4 11. Ne4 b6 12. a3 Bc5 13. e3 d5 14. Nxf6+ gxf6
15. Bh6 f5 16. Bxf8 1-0

[Event "Niederbayrische Meisterschaft"]
[Site "?"]
[Date "2015.06.20"]
[Round "6.4"]
[White "Lichtmannecker, Hans-Jürgen"]
[Black "Haselbeck, Franz"]
[Result "0-1"]
[WhiteElo "1737"]
[BlackElo "1920"]
[PlyCount "54"]
[EventDate "2015.06.26"]
[SourceDate "2015.09.06"]
[WhiteTeam "SV Aham"]
[BlackTeam "SV Deggendorf"]
[WhiteTeamCountry "GER"]
[BlackTeamCountry "GER"]

1. e4 c6 2. d4 d5 3. e5 c5 4. c3 Nc6 5. Bb5 Bd7 6. Bxc6 Bxc6 7. f4 e6 8. Nf3
Nh6 9. O-O Nf5 10. a4 cxd4 11. cxd4 h5 12. Qe1 Qb6 13. a5 Qb4 14. Qxb4 Bxb4 15.
Nc3 Rc8 16. Bd2 O-O 17. Kf2 Rfd8 18. Rg1 Be8 19. g4 hxg4 20. Rxg4 Rc4 21. Ne2
Bxd2 22. Nxd2 Rc2 23. Ke1 Bb5 24. Nc3 Nxd4 25. Nxb5 Nxb5 26. Ra2 Rdc8 27. Ke2
Nc3+ 0-1